000 00330nam a22001337a 4500
008 170817b xxu||||| |||| 00| 0 eng d
020 _a9780374529352
041 _aeng
080 _a51
100 _a36
101 _aMAT
245 _aRIEMAN HYPOTHESIS GREATEST UBSOLVED PROBLEM MATHEMATIC
_cSABBACH.K
942 _2udc
_cBK
999 _c23992
_d23992